Statystyki dla Matma #1

Kliknij tutaj aby rozwiązać quiz!

Ogólne statystyki

  • Ten quiz został rozwiązany 26 razy
  • Średni wynik to 13 z 15

Statystyki odpowiedzi

ZagadnienieOdpowiedź% Poprawnych
1+1=???2
100%
3x12=???36
100%
2+2=???4
100%
23x3=???69
100%
5482:10=???548,2
96%
12^2=??? ( 12 do potęgi 2 )144
92%
999-1000 = ???-1
84%
13^2 = ???169
84%
4! = ??? ( 4x3x2x1 )24
84%
Liczba PI?3,141592653589793238.....
84%
2^10=??? ( 2 do potęgi 10 )1024
80%
2^20 = ???1048576
72%
Liczba e?2,71828182845904523536.....
68%
6! = ??? ( 6x5x4x3x2x1 )720
64%
Najbardziej SUS Liczba69
56%

Rozkład punktacji

Percentyl według liczby udzielonych odpowiedzi

Procent ludzi z każdym wynikiem

Twoja historia wyników

Nie rozwiązałeś tego quizu